000 00441cam a2200181ua 4500
020 _c8.60
041 _aeng
_h
082 _a320.1
_bLAS/IN
100 _aLaski, Harold.J .
245 _aIntroduction to politics /
_cJ.Harold Laski.
_hTextual Documents
250 _a1 /
_b.
260 _aLondon :
_bGeorge Allen & Unwin Ltd ,
_c1960.
300 _a111 ; .
365 _a8.60
504 _a
942 _cBK
999 _c1715
_d1715